[Event "Copenhagen Chess Challenge 2011"]
[Site "Ballerup"]
[Date "2011.05.18"]
[Round "1"]
[White "Johansson, Linus"]
[Black "Andersen, Troels Baekgaard"]
[Result "1-0"]
[WhiteElo "2131"]
[BlackElo "1613"]
[PlyCount "105"]
[EventDate "2011.??.??"]
[EventType "swiss"]
[EventRounds "9"]
[EventCountry "DEN"]

1. d4 d5 2. c4 e6 3. Nc3 Nf6 4. cxd5 exd5 5. Bg5 c6 6. e3 Bf5 7. Qb3 Qc7 8.
Bxf6 gxf6 9. Rc1 Be6 10. Nge2 Bd6 11. Ng3 Nd7 12. Bd3 a6 13. Nf5 Rb8 14. f4
Bxf5 15. Bxf5 Nb6 16. O-O O-O 17. Qd1 Rfe8 18. Qh5 Rxe3 19. Qxh7+ Kf8 20. Qh6+
Ke7 21. Rce1 Nc4 22. Nd1 Bxf4 23. Nxe3 Bxe3+ 24. Rxe3+ Nxe3 25. Qxe3+ Kd8 26.
Re1 Qd6 27. Qe8+ Kc7 28. Qe7+ Qxe7 29. Rxe7+ Kb6 30. h4 Rh8 31. g3 c5 32. dxc5+
Kxc5 33. Rxb7 Kd4 34. Re7 Kc4 35. Rxf7 Rh5 36. Bg6 Re5 37. Kf2 d4 38. Rd7 f5
39. h5 Re6 40. Bf7 Kd3 41. Bxe6 Kc2 42. Rxd4 f4 43. gxf4 a5 44. a4 Kb1 45. b4
Kc2 46. bxa5 Kc3 47. Ke3 Kc2 48. Rd3 Kb2 49. Kd4 Kc2 50. Kc4 Kb2 51. Rd2+ Kc1
52. Kc3 Kb1 53. Rd1# 1-0

[Event "Copenhagen Chess Challenge 2011"]
[Site "Ballerup"]
[Date "2011.05.18"]
[Round "1"]
[White "Eriksson, Christian Altenburg"]
[Black "Holtzmann, Sonny"]
[Result "1/2-1/2"]
[WhiteElo "2139"]
[BlackElo "1659"]
[PlyCount "124"]
[EventDate "2011.??.??"]
[EventType "swiss"]
[EventRounds "9"]
[EventCountry "DEN"]

1. e4 c6 2. d4 d5 3. e5 Bf5 4. Nf3 e6 5. Be2 Ne7 6. O-O Nd7 7. Nh4 Qc7 8. Be3
Bg6 9. c3 Nf5 10. Nxg6 hxg6 11. g3 Be7 12. Qd2 f6 13. f4 Nxe3 14. Qxe3 f5 15.
Nd2 c5 16. Nf3 c4 17. b4 a5 18. a3 O-O 19. Qd2 Nb6 20. Kg2 Ra7 21. Rfb1 axb4
22. axb4 Rfa8 23. Rxa7 Rxa7 24. Bd1 Qc6 25. Rb2 Nd7 26. Ra2 Rxa2 27. Qxa2 Qa6
28. Qxa6 bxa6 29. Ba4 Nb6 30. Bc6 Kf7 31. Kf2 Bd8 32. Ke2 Ke7 33. Kd2 Nd7 34.
Nh4 Nf8 35. Kc2 a5 36. Nf3 axb4 37. cxb4 Bb6 38. Kc3 Kd8 39. Nh4 Ke7 40. h3 Kd8
41. Nf3 Kc8 42. Ng5 Bd8 43. Nf7 Be7 44. h4 Kc7 45. Bb5 Kb6 46. Be8 Kc7 47. Nh8
Kd8 48. Bf7 Kd7 49. Nxg6 Nxg6 50. Bxg6 Bd8 51. Bh5 Bb6 52. Bd1 Ke7 53. g4 Kf7
54. gxf5 exf5 55. h5 Bd8 56. Ba4 Bh4 57. b5 Be1+ 58. Kb2 Ba5 59. Bc2 Ke6 60.
Ba4 Bb6 61. Kc3 Ba5+ 62. Kc2 Bb6 1/2-1/2

[Event "Copenhagen Chess Challenge 2011"]
[Site "Ballerup"]
[Date "2011.05.18"]
[Round "1"]
[White "Kvisvik, Brede"]
[Black "Jensen, Simon Stibolt"]
[Result "1-0"]
[WhiteElo "2175"]
[BlackElo "1748"]
[PlyCount "43"]
[EventDate "2011.??.??"]
[EventType "swiss"]
[EventRounds "9"]
[EventCountry "DEN"]

1. e4 e5 2. Nf3 d6 3. Bc4 Be7 4. O-O Bg4 5. c3 Nc6 6. d3 Na5 7. Bb5+ Nc6 8. Be3
Nf6 9. Nbd2 Qd7 10. d4 Bxf3 11. Nxf3 a6 12. Ba4 b5 13. Bc2 Rd8 14. a4 O-O 15.
axb5 axb5 16. d5 Nb8 17. Ra7 Rc8 18. Qe2 Qg4 19. h3 Qg6 20. Nh4 Qh5 21. Qxh5
Nxh5 22. Nf5 1-0

[Event "Copenhagen Chess Challenge 2011"]
[Site "Ballerup"]
[Date "2011.05.18"]
[Round "1"]
[White "Haagen Larsen, Hans"]
[Black "Brondt, Nicolai Kvist"]
[Result "0-1"]
[WhiteElo "1745"]
[BlackElo "2151"]
[PlyCount "84"]
[EventDate "2011.??.??"]
[EventType "swiss"]
[EventRounds "9"]
[EventCountry "DEN"]

1. d4 d5 2. Nf3 Nf6 3. Bf4 Bf5 4. e3 e6 5. Bd3 Bxd3 6. cxd3 Be7 7. Qb3 b6 8. h3
O-O 9. Nbd2 c5 10. dxc5 bxc5 11. O-O Nc6 12. Rfc1 Qb6 13. Ne5 Rfc8 14. Nxc6
Rxc6 15. e4 Rac8 16. e5 Nd7 17. Qa3 Bf8 18. Rab1 c4 19. b4 Qd4 20. Be3 Qxd3 21.
Qxd3 cxd3 22. Rxc6 Rxc6 23. b5 Rc2 24. a4 Ra2 25. Bxa7 Rxd2 26. b6 Ra2 27. b7
Rxa4 28. b8=Q Nxb8 29. Bxb8 Rb4 30. Rxb4 Bxb4 31. Kf1 Kf8 32. f3 Ke8 33. Kf2
Bd2 34. Bd6 Kd7 35. h4 h5 36. Bf8 g6 37. Bg7 Kc6 38. g4 Bf4 39. Bf6 Kc5 40. Ke1
Kc4 41. Kd1 Kd4 42. g5 Ke3 0-1

[Event "Copenhagen Chess Challenge 2011"]
[Site "Ballerup"]
[Date "2011.05.18"]
[Round "1"]
[White "Petrovski, Petruli"]
[Black "Molvig, Henrik"]
[Result "0-1"]
[WhiteElo "1826"]
[BlackElo "2180"]
[PlyCount "67"]
[EventDate "2011.??.??"]
[EventType "swiss"]
[EventRounds "9"]
[EventCountry "DEN"]

1. e4 c5 2. Nf3 d6 3. d4 cxd4 4. Nxd4 Nf6 5. Nc3 a6 6. Bc4 e6 7. Bb3 Nbd7 8.
Bg5 Nc5 9. O-O Be7 10. Qf3 O-O 11. Rfe1 h6 12. Be3 Bd7 13. Rad1 Rc8 14. Bc1 b5
15. e5 dxe5 16. Rxe5 Qc7 17. Ree1 Nxb3 18. cxb3 Bc6 19. Nxc6 Qxc6 20. Qg3 Kh8
21. Qh3 Rfd8 22. g4 Rxd1 23. Rxd1 Nh7 24. Qg3 b4 25. Ne2 Qe4 26. Be3 Ng5 27.
Nd4 Bf6 28. h4 Bxd4 29. hxg5 Bxe3 30. fxe3 hxg5 31. Re1 Kg8 32. Kf2 g6 33. Re2
Rc1 34. Rd2 0-1

[Event "Copenhagen Chess Challenge 2011"]
[Site "Ballerup"]
[Date "2011.05.18"]
[Round "1"]
[White "Andersen, Morten"]
[Black "Molvig, Julius"]
[Result "1-0"]
[WhiteElo "2181"]
[BlackElo "1830"]
[PlyCount "77"]
[EventDate "2011.??.??"]
[EventType "swiss"]
[EventRounds "9"]
[EventCountry "DEN"]

1. d4 Nf6 2. c4 c5 3. d5 b5 4. cxb5 a6 5. bxa6 g6 6. Nc3 Bxa6 7. g3 Bg7 8. Bg2
d6 9. Nf3 O-O 10. O-O Nbd7 11. Rb1 Nb6 12. b3 Qc7 13. Bb2 Rfb8 14. Qd2 Nfd7 15.
Rfd1 Ne5 16. Nxe5 Bxe5 17. Ne4 Bxb2 18. Rxb2 c4 19. Qh6 Nd7 20. Rc2 Qa5 21.
bxc4 Qa4 22. Qc1 Rb4 23. Nd2 Rc8 24. Bh3 Rcb8 25. Bxd7 Qxd7 26. Qa3 Ra4 27. Qe3
Qf5 28. Rdc1 Qf6 29. Ne4 Qf5 30. f3 Rc8 31. Qb3 Qd7 32. c5 Rd4 33. cxd6 Rxc2
34. Qxc2 Rxd5 35. Qc7 Bb5 36. Qxd7 Bxd7 37. dxe7 Kg7 38. Rc7 f5 39. e8=Q 1-0

[Event "Copenhagen Chess Challenge 2011"]
[Site "Ballerup"]
[Date "2011.05.18"]
[Round "1"]
[White "Schmidt, Horst Hubert"]
[Black "Ootes, Lennart"]
[Result "0-1"]
[WhiteElo "1834"]
[BlackElo "2194"]
[PlyCount "62"]
[EventDate "2011.??.??"]
[EventType "swiss"]
[EventRounds "9"]
[EventCountry "DEN"]

1. d4 Nf6 2. Nf3 c5 3. e3 e6 4. Be2 b6 5. O-O Bb7 6. Nbd2 Be7 7. Ne5 O-O 8. Bf3
d5 9. c3 Ne4 10. Bxe4 dxe4 11. dxc5 Qc7 12. Nec4 Qxc5 13. b3 Qg5 14. f4 Qd5 15.
Qc2 Nd7 16. Bb2 Nc5 17. Ne5 f6 18. c4 Qd6 19. b4 Nd3 20. c5 bxc5 21. bxc5 Qxc5
22. Nec4 Qd5 23. Rfd1 Rac8 24. Bd4 Ba6 25. Qa4 Bxc4 26. Qxa7 Rfe8 27. Rab1 e5
28. Nxc4 Qxc4 29. Rb7 exd4 30. Rxe7 Rxe7 31. Qxe7 dxe3 0-1

[Event "Copenhagen Chess Challenge 2011"]
[Site "Ballerup"]
[Date "2011.05.18"]
[Round "1"]
[White "Borg, Flemming"]
[Black "Olsen, Peter Erik"]
[Result "0-1"]
[WhiteElo "1854"]
[BlackElo "2241"]
[PlyCount "66"]
[EventDate "2011.??.??"]
[EventType "swiss"]
[EventRounds "9"]
[EventCountry "DEN"]

1. e4 d5 2. exd5 Qxd5 3. Nc3 Qa5 4. Bc4 Nf6 5. Nf3 Bg4 6. O-O Nc6 7. Bb5 O-O-O
8. Bxc6 bxc6 9. h3 Bh5 10. Re1 e6 11. Re5 Qxe5 12. Nxe5 Bxd1 13. Nxd1 Rg8 14.
Nxc6 Re8 15. Nxa7+ Kb7 16. Nb5 Nd5 17. d4 Rd8 18. Be3 Be7 19. a4 Ra8 20. c4 Nb4
21. b3 Rgd8 22. Na3 Bf6 23. Nc3 Bxd4 24. Bxd4 Rxd4 25. Rc1 Rad8 26. Nab1 Na2
27. Re1 Nxc3 28. Nxc3 Rd3 29. Rc1 Rd2 30. Rb1 R8d3 31. Ne4 Rd1+ 32. Rxd1 Rxd1+
33. Kh2 h6 0-1

[Event "Copenhagen Chess Challenge 2011"]
[Site "Ballerup"]
[Date "2011.05.18"]
[Round "1"]
[White "Rostgaard, Tobias Valentin"]
[Black "Andreasen, Rene"]
[Result "1-0"]
[WhiteElo "2207"]
[BlackElo "1847"]
[PlyCount "101"]
[EventDate "2011.??.??"]
[EventType "swiss"]
[EventRounds "9"]
[EventCountry "DEN"]

1. d4 d6 2. e4 Nf6 3. Nc3 e5 4. dxe5 dxe5 5. Qxd8+ Kxd8 6. Bg5 Bd6 7. Bc4 Be6
8. Bxe6 fxe6 9. Nf3 Nbd7 10. O-O-O h6 11. Bh4 g5 12. Bg3 Ke7 13. Rhe1 Nh5 14.
Nb5 Nf4 15. Bxf4 gxf4 16. Rd2 Nf6 17. g3 fxg3 18. hxg3 a6 19. Nc3 Raf8 20. Rd3
Ng4 21. Nd1 Rhg8 22. Re2 Bc5 23. Red2 Rd8 24. Ne1 Rxd3 25. Nxd3 Bd6 26. f3 Nf6
27. Rg2 Kf7 28. Ne3 h5 29. Nc4 Nd7 30. Kd1 b5 31. Ne3 Nc5 32. Ne1 Na4 33. Kc1
Bc5 34. Nf1 Bd6 35. Rh2 Kg6 36. c3 Nc5 37. Ne3 Rf8 38. Kc2 Nd7 39. Kd2 Nf6 40.
Ke2 Bc5 41. Nd3 Bd6 42. c4 Ra8 43. c5 Bf8 44. Nxe5+ Kg7 45. Nd3 Rd8 46. e5 Nd7
47. b4 a5 48. a3 axb4 49. axb4 Ra8 50. Kd2 Ra2+ 51. Nc2 1-0

[Event "Copenhagen Chess Challenge 2011"]
[Site "Ballerup"]
[Date "2011.05.18"]
[Round "1"]
[White "Matthiesen, Martin"]
[Black "Jensen (1966), Soren"]
[Result "1-0"]
[WhiteElo "2242"]
[BlackElo "1877"]
[PlyCount "63"]
[EventDate "2011.??.??"]
[EventType "swiss"]
[EventRounds "9"]
[EventCountry "DEN"]

1. Nf3 Nf6 2. c4 e6 3. d4 b6 4. g3 Ba6 5. Qc2 c5 6. d5 exd5 7. cxd5 d6 8. Nc3
Be7 9. Bg2 O-O 10. O-O Re8 11. h3 Bf8 12. Re1 Bb7 13. e4 Nbd7 14. Bf4 Nh5 15.
Bg5 Be7 16. Bxe7 Rxe7 17. Nh4 g6 18. Qd2 Re8 19. a4 a6 20. Nf3 Ne5 21. Nxe5
Rxe5 22. Rab1 Qd7 23. b4 a5 24. bxc5 bxc5 25. Rb6 Ra6 26. Qb2 Re7 27. Rb1 Rxb6
28. Qxb6 f5 29. e5 dxe5 30. d6 Re6 31. Bxb7 Rxd6 32. Qxc5 1-0

[Event "Copenhagen Chess Challenge 2011"]
[Site "Ballerup"]
[Date "2011.05.18"]
[Round "1"]
[White "Andersen, Kim Nyvang"]
[Black "Hansen, Lars"]
[Result "1/2-1/2"]
[WhiteElo "1931"]
[BlackElo "2246"]
[PlyCount "59"]
[EventDate "2011.??.??"]
[EventType "swiss"]
[EventRounds "9"]
[EventCountry "DEN"]

1. d4 g6 2. c4 Bg7 3. e4 c5 4. d5 d6 5. Nc3 Nf6 6. f4 O-O 7. Nf3 e6 8. Be2 exd5
9. cxd5 Re8 10. e5 dxe5 11. fxe5 Ng4 12. O-O Nxe5 13. Bf4 Nbd7 14. d6 Nxf3+ 15.
Bxf3 Ne5 16. Nb5 Bf5 17. Nc7 Nd3 18. Bg3 Qd7 19. Nxa8 Rxa8 20. Qb3 Rb8 21. Bd5
b5 22. Rae1 Nxe1 23. Rxe1 Bf6 24. h4 h5 25. Re7 Bxe7 26. Bxf7+ Kg7 27. dxe7
Qxe7 28. Bxb8 Qe1+ 29. Kh2 Qxh4+ 30. Kg1 1/2-1/2

[Event "Copenhagen Chess Challenge 2011"]
[Site "Ballerup"]
[Date "2011.05.18"]
[Round "1"]
[White "Hove, Esben Kjems"]
[Black "Knudsen, Jes West"]
[Result "1-0"]
[WhiteElo "2276"]
[BlackElo "1939"]
[PlyCount "51"]
[EventDate "2011.??.??"]
[EventType "swiss"]
[EventRounds "9"]
[EventCountry "DEN"]

1. d4 f5 2. c4 Nf6 3. g3 g6 4. Bg2 Bg7 5. Nc3 O-O 6. Nh3 Nc6 7. O-O Ne4 8. Nxe4
fxe4 9. e3 Na5 10. Qc2 d6 11. Qxe4 c6 12. Qd3 d5 13. cxd5 cxd5 14. Nf4 e6 15.
b3 g5 16. Nh5 Bh8 17. Ba3 Rf7 18. f4 g4 19. Qe2 Rf5 20. Qxg4+ Kf7 21. Qe2 b6
22. g4 Rxh5 23. gxh5 Qh4 24. f5 Bf6 25. Rf4 Qg5 26. fxe6+ 1-0

[Event "Copenhagen Chess Challenge 2011"]
[Site "Ballerup"]
[Date "2011.05.18"]
[Round "1"]
[White "Lodahl, Holger"]
[Black "Andreasen, Per"]
[Result "0-1"]
[WhiteElo "1939"]
[BlackElo "2269"]
[PlyCount "96"]
[EventDate "2011.??.??"]
[EventType "swiss"]
[EventRounds "9"]
[EventCountry "DEN"]

1. d4 g6 2. c4 Bg7 3. Nc3 d6 4. e4 e5 5. Be3 exd4 6. Bxd4 Nf6 7. Nf3 Nc6 8. Be3
O-O 9. Be2 Re8 10. Qc2 Nb4 11. Qb1 c6 12. O-O Qe7 13. Nd2 Na6 14. Bf3 Bg4 15.
Qd1 Bxf3 16. Qxf3 Nc5 17. Bxc5 dxc5 18. Rfe1 Rad8 19. Qe2 Ng4 20. Nf3 Ne5 21.
Nxe5 Qxe5 22. Qf1 Rd2 23. Rab1 Qe6 24. Re2 Bxc3 25. bxc3 Rxe2 26. Qxe2 Qxe4 27.
Qxe4 Rxe4 28. Kf1 b6 29. f3 Rxc4 30. Rc1 Kf8 31. Ke2 Ke7 32. Kd3 b5 33. Re1+
Kd7 34. Re2 Ra4 35. Rd2 Ke7 36. g3 Ra3 37. Rc2 b4 38. Kc4 Rxc3+ 39. Rxc3 bxc3
40. Kxc3 g5 41. h4 gxh4 42. gxh4 h5 43. Kd3 Ke6 44. Ke4 c4 45. Kd4 Kf5 46. Kxc4
Kf4 47. Kc5 Kxf3 48. Kxc6 Kg4 0-1

[Event "Copenhagen Chess Challenge 2011"]
[Site "Ballerup"]
[Date "2011.05.18"]
[Round "1"]
[White "Christensen, Casper"]
[Black "Rewitz, Poul"]
[Result "0-1"]
[WhiteElo "1948"]
[BlackElo "2289"]
[PlyCount "78"]
[EventDate "2011.??.??"]
[EventType "swiss"]
[EventRounds "9"]
[EventCountry "DEN"]

1. e4 c6 2. d4 d5 3. Nc3 b5 4. a3 dxe4 5. Nxe4 Bf5 6. Nc3 e6 7. g3 Nd7 8. Bg2
Rc8 9. Bf4 Ngf6 10. Nf3 Nd5 11. Nxd5 cxd5 12. c3 Be7 13. Nd2 O-O 14. h4 h6 15.
g4 Bg6 16. Nf3 Re8 17. Kf1 a5 18. Qd2 b4 19. axb4 axb4 20. h5 Be4 21. Nh2 Bh7
22. Rg1 bxc3 23. bxc3 Ra8 24. Rc1 Nb6 25. Bf3 Nc4 26. Qe1 Ra2 27. Be2 Bd6 28.
Bxc4 dxc4 29. Bxd6 Qxd6 30. Rg3 Rb8 31. Kg1 Rbb2 32. Rf3 Qd5 33. Qe3 Be4 34.
Rf4 Re2 35. Qg3 Rad2 36. Nf1 Rd3 37. Qh4 Qg5 38. Qh2 Rh3 39. Qxh3 Qxf4 0-1

[Event "Copenhagen Chess Challenge 2011"]
[Site "Ballerup"]
[Date "2011.05.18"]
[Round "1"]
[White "Fries Nielsen, Niels Jorgen"]
[Black "Haubro, Sigfred"]
[Result "1-0"]
[WhiteElo "2326"]
[BlackElo "2149"]
[PlyCount "95"]
[EventDate "2011.??.??"]
[EventType "swiss"]
[EventRounds "9"]
[EventCountry "DEN"]

1. g3 f5 2. Bg2 Nf6 3. d3 d5 4. Nf3 e6 5. O-O Be7 6. c4 O-O 7. b3 a5 8. Nc3 c6
9. Bb2 Na6 10. e4 d4 11. Ne2 c5 12. Nf4 Rb8 13. exf5 exf5 14. Ng5 Nc7 15. Qd2
Bd6 16. Rae1 b5 17. Bc1 a4 18. Qd1 bxc4 19. bxc4 Bd7 20. Nge6 Nxe6 21. Nxe6
Bxe6 22. Rxe6 Qd7 23. Rfe1 f4 24. Rxd6 Qxd6 25. Bxf4 Qd7 26. Bxb8 Rxb8 27. Re5
Qd6 28. Qe1 a3 29. Bd5+ Nxd5 30. Rxd5 Qg6 31. Rxc5 h6 32. Rb5 Rxb5 33. cxb5
Qxd3 34. b6 Qb5 35. Qe6+ Kh7 36. Qe4+ Kg8 37. Qxd4 h5 38. h4 Qb2 39. Qd5+ Kf8
40. Qd8+ Kf7 41. Qc7+ Kg6 42. b7 Qa1+ 43. Kg2 Qxa2 44. Qd6+ Kh7 45. Qd3+ g6 46.
Qd7+ Kh6 47. b8=Q Qc4 48. Qf8# 1-0

[Event "Copenhagen Chess Challenge 2011"]
[Site "Ballerup"]
[Date "2011.05.18"]
[Round "1"]
[White "Hagen, Andreas Skytte"]
[Black "Vesterli, Michael E"]
[Result "1-0"]
[WhiteElo "2346"]
[BlackElo "1959"]
[PlyCount "59"]
[EventDate "2011.??.??"]
[EventType "swiss"]
[EventRounds "9"]
[EventCountry "DEN"]

1. c4 Nf6 2. g3 g6 3. Bg2 Bg7 4. Nc3 O-O 5. e4 d6 6. Nge2 c5 7. O-O Nc6 8. d3
Bd7 9. h3 a6 10. Be3 Qb8 11. a4 Nb4 12. Qd2 Ne8 13. Kh2 Nc7 14. d4 cxd4 15.
Bxd4 Ne6 16. Bxg7 Kxg7 17. Nd5 Nxd5 18. cxd5 Nc5 19. a5 Bb5 20. b4 Nb3 21. Qc3+
Kg8 22. Ra2 Rc8 23. Qxb3 Bc4 24. Qb2 Bxa2 25. Qxa2 b6 26. Nd4 bxa5 27. Nc6 Qc7
28. bxa5 e6 29. Rb1 Re8 30. Bf1 1-0

[Event "Copenhagen Chess Challenge 2011"]
[Site "Ballerup"]
[Date "2011.05.18"]
[Round "1"]
[White "Tandrup, Michael"]
[Black "Westerinen, Heikki"]
[Result "0-1"]
[WhiteElo "1963"]
[BlackElo "2350"]
[PlyCount "80"]
[EventDate "2011.??.??"]
[EventType "swiss"]
[EventRounds "9"]
[EventCountry "DEN"]

1. d4 Nf6 2. Nf3 g6 3. g3 Bg7 4. Bg2 O-O 5. c4 d6 6. O-O Nc6 7. Nc3 Bf5 8. d5
Na5 9. Nd2 c5 10. e4 Bd7 11. a3 b6 12. Qc2 Rc8 13. Qd3 a6 14. b4 Nb7 15. Bb2
Qc7 16. Rfc1 e5 17. Nd1 Ng4 18. f3 Nh6 19. Nf2 f5 20. Qe2 Rce8 21. Nd3 Nd8 22.
bxc5 bxc5 23. Bc3 Ndf7 24. Rab1 Qd8 25. Nf1 Ng5 26. h4 fxe4 27. fxe4 Bg4 28.
Qb2 Nf3+ 29. Bxf3 Bxf3 30. Nd2 Be2 31. Nf2 Qf6 32. Rf1 Bxf1 33. Rxf1 Qd8 34.
Kg2 Qd7 35. Nf3 Ng4 36. Bd2 Rxf3 37. Kxf3 Nh2+ 38. Kg2 Nxf1 39. Kxf1 Rf8 40.
Kg1 Qf7 0-1

[Event "Copenhagen Chess Challenge 2011"]
[Site "Ballerup"]
[Date "2011.05.18"]
[Round "1"]
[White "Fries Nielsen, Jens Ove"]
[Black "Skytte, Torill"]
[Result "1-0"]
[WhiteElo "2386"]
[BlackElo "1992"]
[PlyCount "81"]
[EventDate "2011.??.??"]
[EventType "swiss"]
[EventRounds "9"]
[EventCountry "DEN"]

1. Nc3 d5 2. Nf3 Nf6 3. g3 Bf5 4. Bg2 e6 5. O-O Be7 6. d3 h6 7. Nd2 O-O 8. e4
Bh7 9. e5 Nfd7 10. Nf3 c5 11. Re1 Nc6 12. h4 a6 13. Bf4 b5 14. a3 Qb6 15. Qd2
c4 16. d4 a5 17. Ne2 b4 18. a4 c3 19. bxc3 bxc3 20. Nxc3 Bb4 21. Rab1 Qd8 22.
Rb3 Rc8 23. Bf1 Ne7 24. Bd3 Nb6 25. Bxh7+ Kxh7 26. Qd3+ Kg8 27. Ra1 Qc7 28. Na2
Nc6 29. c3 Be7 30. Nc1 Nd8 31. Qb1 Nc4 32. Nd3 Re8 33. Bc1 Bf8 34. Nf4 Re7 35.
Nh5 f5 36. exf6 gxf6 37. Qg6+ Bg7 38. Nxf6+ Kf8 39. Bxh6 Nd6 40. Ne5 Nf5 41.
Qf7+ 1-0

[Event "Copenhagen Chess Challenge 2011"]
[Site "Ballerup"]
[Date "2011.05.18"]
[Round "1"]
[White "Langmyhr, Tore"]
[Black "Teplyi, Igor"]
[Result "1/2-1/2"]
[WhiteElo "1993"]
[BlackElo "2387"]
[PlyCount "70"]
[EventDate "2011.??.??"]
[EventType "swiss"]
[EventRounds "9"]
[EventCountry "DEN"]

1. c4 g6 2. Nc3 c5 3. Nf3 Bg7 4. g3 Nc6 5. Bg2 d6 6. O-O Bg4 7. h3 Bd7 8. d3
Rb8 9. Kh2 a6 10. a4 e5 11. Bg5 f6 12. Bd2 Nge7 13. Ne1 f5 14. Nc2 O-O 15. Ne3
g5 16. Ned5 Ng6 17. Qc1 f4 18. Ne4 Nd4 19. Qd1 g4 20. hxg4 Bxg4 21. Bf3 Be6 22.
Bg2 Bg4 23. Bf3 Be6 24. Bg2 Qd7 25. Bc3 Bg4 26. Bxd4 exd4 27. Rh1 Be5 28. Kg1
Bf5 29. Ng5 Rf7 30. Nxf7 Qxf7 31. Qd2 Be6 32. Rf1 Rf8 33. Be4 fxg3 34. f3 Bg7
35. Qg5 Bf5 1/2-1/2

[Event "Copenhagen Chess Challenge 2011"]
[Site "Ballerup"]
[Date "2011.05.18"]
[Round "1"]
[White "Thorhallsson, Throstur"]
[Black "Andersen, Daniel"]
[Result "1-0"]
[WhiteElo "2392"]
[BlackElo "1997"]
[PlyCount "55"]
[EventDate "2011.??.??"]
[EventType "swiss"]
[EventRounds "9"]
[EventCountry "DEN"]

1. e4 e6 2. d4 d5 3. Nc3 Nf6 4. e5 Nfd7 5. f4 c5 6. Nf3 Nc6 7. Ne2 cxd4 8.
Nexd4 Qb6 9. c3 Be7 10. Bd3 Nc5 11. Bc2 a5 12. O-O O-O 13. Kh1 f5 14. exf6 Bxf6
15. Be3 Bd7 16. Nb3 Be7 17. f5 a4 18. Bxc5 Bxc5 19. Nxc5 Qxc5 20. fxe6 Bxe6 21.
Ng5 Rxf1+ 22. Qxf1 Rf8 23. Qe2 Bf7 24. Bxh7+ Kh8 25. Nxf7+ Kxh7 26. Qh5+ Kg8
27. Rf1 Nd8 28. Qh8# 1-0

[Event "Copenhagen Chess Challenge 2011"]
[Site "Ballerup"]
[Date "2011.05.18"]
[Round "1"]
[White "Mikkelsen, Nikolaj"]
[Black "Olsen, Aage"]
[Result "1/2-1/2"]
[WhiteElo "2401"]
[BlackElo "2005"]
[PlyCount "84"]
[EventDate "2011.??.??"]
[EventType "swiss"]
[EventRounds "9"]
[EventCountry "DEN"]

1. e4 c5 2. Nf3 d6 3. d4 cxd4 4. Nxd4 Nf6 5. Nc3 g6 6. Be3 Bg7 7. Be2 Bd7 8.
O-O O-O 9. Qd2 a6 10. a4 Nc6 11. Nb3 Rc8 12. a5 Ne5 13. Bb6 Qe8 14. f3 Be6 15.
Nd5 Bxd5 16. exd5 Nc4 17. Bxc4 Rxc4 18. Rfe1 Qb5 19. Rad1 Rfc8 20. Na1 Qxb2 21.
Rxe7 Ra4 22. Qe1 Rf8 23. Nb3 Qxc2 24. Nd4 Qc4 25. Ne2 Nxd5 26. Re4 Nxb6 27.
Rxc4 Nxc4 28. Nf4 Nb2 29. Nh5 Nxd1 30. Nxg7 Kxg7 31. Qxd1 Rxa5 32. Qxd6 Rb5 33.
Qd7 b6 34. Kf2 Rb4 35. g4 h6 36. h4 a5 37. h5 g5 38. Qe7 Rf4 39. Qe5+ Kh7 40.
Qd6 Rc8 41. Qxb6 Rc2+ 42. Kg3 Rc3 1/2-1/2

[Event "Copenhagen Chess Challenge 2011"]
[Site "Ballerup"]
[Date "2011.05.18"]
[Round "1"]
[White "Haubro, Martin"]
[Black "Skytte, Rasmus"]
[Result "1/2-1/2"]
[WhiteElo "2003"]
[BlackElo "2399"]
[PlyCount "83"]
[EventDate "2011.??.??"]
[EventType "swiss"]
[EventRounds "9"]
[EventCountry "DEN"]

1. e4 g6 2. d4 Bg7 3. Nc3 d6 4. Be3 a6 5. a4 Nc6 6. d5 Nb8 7. Qd2 c5 8. f4 f5
9. exf5 Bxf5 10. Bd3 Nh6 11. Nf3 Nd7 12. Ng5 Qa5 13. O-O O-O 14. Be2 Nb6 15. h3
Qb4 16. Rfb1 Nc4 17. Bxc4 Qxc4 18. a5 Bd7 19. Nce4 Nf5 20. b3 Qb5 21. Bf2 Bxa1
22. Rxa1 Qb4 23. Qd1 c4 24. g4 Ng7 25. Be1 Qb5 26. Qd4 Rxf4 27. Bc3 Qc5 28.
Nxc5 Rxd4 29. Nxd7 Rxd5 30. Nb6 Rxg5 31. Nxa8 cxb3 32. cxb3 h5 33. Bxg7 Kxg7
34. Ra4 hxg4 35. Rxg4 Rxa5 36. b4 Ra1+ 37. Kg2 Rc1 38. Nb6 e6 39. Nc4 Rd1 40.
Na5 b6 41. Nc6 a5 42. bxa5 1/2-1/2

[Event "Copenhagen Chess Challenge 2011"]
[Site "Ballerup"]
[Date "2011.05.18"]
[Round "1"]
[White "Andersen, Rune Egede"]
[Black "Andersen, Mads"]
[Result "0-1"]
[WhiteElo "2063"]
[BlackElo "2431"]
[PlyCount "60"]
[EventDate "2011.??.??"]
[EventType "swiss"]
[EventRounds "9"]
[EventCountry "DEN"]

1. e4 c5 2. c3 Nf6 3. e5 Nd5 4. d4 cxd4 5. Nf3 e6 6. cxd4 d6 7. Bc4 Nb6 8. Bd3
Nc6 9. Nc3 Be7 10. O-O O-O 11. Qe2 Nb4 12. Bb1 Bd7 13. Qe4 g6 14. Bh6 Re8 15.
a3 N4d5 16. Nxd5 Nxd5 17. Ba2 Bc6 18. Qg4 dxe5 19. dxe5 Qb6 20. b4 a5 21. b5
Qxb5 22. Nd4 Qb6 23. Nxe6 Nc3 24. Be3 Qb2 25. Bc4 Bd7 26. f4 b5 27. f5 bxc4 28.
fxg6 hxg6 29. Rxf7 Ne2+ 30. Kf2 Nf4+ 0-1

[Event "Copenhagen Chess Challenge 2011"]
[Site "Ballerup"]
[Date "2011.05.18"]
[Round "1"]
[White "Ivanov, Mikhail"]
[Black "Halamus, Agata"]
[Result "1-0"]
[WhiteElo "2424"]
[BlackElo "2047"]
[PlyCount "69"]
[EventDate "2011.??.??"]
[EventType "swiss"]
[EventRounds "9"]
[EventCountry "DEN"]

1. d4 d5 2. Nf3 e6 3. c4 Nf6 4. g3 Be7 5. Bg2 O-O 6. O-O b6 7. Qc2 c5 8. cxd5
exd5 9. Nc3 Bb7 10. Bf4 Nc6 11. Rad1 Rc8 12. dxc5 Nb4 13. Qb1 bxc5 14. a3 Na6
15. Ng5 g6 16. Nge4 Qb6 17. Nxf6+ Bxf6 18. Nxd5 Bxd5 19. Bxd5 Nc7 20. Bxc7 Rxc7
21. b3 Rd8 22. Qc2 Kg7 23. Rd3 Qa5 24. a4 Qb4 25. Rfd1 Rcd7 26. Kg2 h5 27. h4
Rd6 28. e4 Bd4 29. Rf3 Rf6 30. Rxf6 Bxf6 31. Rc1 Bd4 32. Qd3 Rd6 33. Rc4 Qe1
34. Rxd4 Rf6 35. Qd2 1-0

[Event "Copenhagen Chess Challenge 2011"]
[Site "Ballerup"]
[Date "2011.05.18"]
[Round "1"]
[White "Skovgaard, Ib"]
[Black "Bromann, Thorbjorn"]
[Result "0-1"]
[WhiteElo "2012"]
[BlackElo "2405"]
[PlyCount "84"]
[EventDate "2011.??.??"]
[EventType "swiss"]
[EventRounds "9"]
[EventCountry "DEN"]

1. e4 g6 2. f4 Bg7 3. Bc4 c6 4. Nc3 b5 5. Bb3 a5 6. a4 b4 7. Nce2 d5 8. Nf3 e6
9. Ng3 Ne7 10. d4 Ba6 11. f5 dxe4 12. f6 Bxf6 13. Nxe4 Nd5 14. Bh6 Be7 15. Qd2
Nd7 16. O-O-O N7f6 17. Rhe1 Nxe4 18. Rxe4 Nf6 19. Rf4 Nd5 20. Re4 Qc7 21. Ne5
Bd6 22. Qf2 f5 23. Ree1 O-O-O 24. Kb1 Rde8 25. Nd3 Rhg8 26. Nc5 Bxc5 27. dxc5
g5 28. h4 gxh4 29. Bxd5 cxd5 30. Bf4 e5 31. Bh2 f4 32. Rxd5 Bb7 33. Rd6 Rxg2
34. Qxf4 Qxd6 35. cxd6 exf4 36. Rxe8+ Kd7 37. Re7+ Kxd6 38. Rxb7 Rxh2 39. Rf7
Ke5 40. c4 bxc3 41. bxc3 h3 42. c4 Rg2 0-1